Loading...
| Literature - European | 0 | 2 | 0 | 1 | 20 | 70 | 106.00 | 1 | 1 | 0.00 | 0.00 |
| Literature - World | 0 | 1 | 0 | 0 | 10 | 124 | 124.00 | 0 | 0 | 0.00 | 0.00 |
| Pop Culture | 0 | 1 | 0 | 0 | 10 | 66 | 66.00 | 0 | 1 | 0.00 | 0.00 |
| History - Other | 0 | 1 | 0 | 0 | 10 | 83 | 83.00 | 1 | 1 | 0.00 | 0.00 |
| Philosophy | 0 | 2 | 2 | 0 | 10 | 91 | 111.00 | 0 | 2 | 0.00 | 0.00 |
| Literature - British | 0 | 1 | 0 | 0 | 10 | 110 | 110.00 | 0 | 1 | 0.00 | 0.00 |
| Fine Arts - Other | 0 | 1 | 1 | 0 | 5 | 97 | 97.00 | 0 | 1 | 0.00 | 0.00 |
| Fine Arts - Painting and Sculpture | 0 | 1 | 1 | 0 | 5 | 105 | 105.00 | 0 | 0 | 0.00 | 0.00 |
| Mythology | 0 | 1 | 1 | 1 | 5 | 117 | 117.00 | 0 | 0 | 0.00 | 0.00 |
| History - American | 0 | 1 | 2 | 1 | 0 | 124 | 124.00 | 0 | 0 | 0.00 | 0.00 |
| Social Science | 0 | 0 | 0 | 0 | 0 | 0.00 | 0 | 0 | 0.00 | 0.00 | |
| History - World | 0 | 0 | 1 | 0 | -5 | 0.00 | 0 | 0 | 0.00 | 0.00 | |
| Science - Physics | 0 | 0 | 1 | 0 | -5 | 0.00 | 0 | 0 | 0.00 | 0.00 |